00808nam a22002177a 450000500170000001000150001702000270003203500140005903700090007308200110008210000210009324500990011425000060021326000300021927000830024930000290033270000340036194200220039599900190041795201540043620250724152521.0 aENG-146131 a9789349015159c1695.00 aEN-129663 bDBAD a36423 aGaur, K D983315 aTextbook on The Bharatiya Nagarik Suraksha Sanhita,2023/cK D Gaur [and] Revised By Madhu Gaur a3 aGurgaonbLexisNexisc2025 a14th Floor, Building No.10, Tower-B, DLF Cyber city, Phase-IIbGurgaone122002 alxxxvi, 912p. c24cm(pb) aGaur, Madhu eRevised 983316 2ddccENh364mGAU c212592d212592 001040708NFICaJPbJPd2025-07-24eDelivery of Books Act Divisiong1695.00l0o364 GAUpEN-129663r2025-07-24 00:00:00t1v1695.00w2025-07-24yEN